000 00905nam a2200253Ia 4500
003 OSt
005 20221005113410.0
006 a|||||r|||| 00| 0
007 ta
008 221004b |||||||| |||| 00| 0 pan d
020 _a9788178839325 (hbk)
_c200
024 _a2082
037 _b174, 18/12/2012, Orange Books International
_cTextual
040 _aCRL
_cCRL
_bpan
041 _2pan
_apan
082 _aQ8441v, 153Q2
100 _aਪਰਹਾਰ, ਵਾਸਦੇਵ ਸਿੰਘ
245 0 _aਸਿੱਖ ਰਾਜਪੂਤਾਂ ਦਾ ਇਤਿਹਾਸ
260 _aਲੁਧਿਆਣਾ
_bਚੇਤਨਾ ਪ੍ਰਕਾFਨ ਭਾਰਤ
_c2012
300 _a125ਪੰ
_ccm.
650 _aਧਰਮ
942 _hQ8441v, 153Q2
_cTEXL
_2cc
999 _c1028059
_d1028059